00949cam a22002414a 450000500170000002000330001704000340005008200150008410000210009924500810012025000120020126000610021330000320027450400530030654600090035965000160036865000240038470000230040894200070043199900170043895201260045595201260058120251006135247.0 a9780273694380cTZS 28, 997/= aMCCLbeng.eAACR 2nd rev. ed.00a658.72 LYS1 aLysons, Kenneth.10aPurchasing and supply chain management /cKenneth Lysons & Brian Farrington. a7th ed. aHarlow, England :bFinancial Times/Prentice Hallcc2006. axix, 709 p.:bill. ;c24cm. aIncludes bibliographical references and indexes. aeng. 0aPurchasing. 0aBusiness logistics.1 aFarrington, Brian. cBK c12110d12110 00104070aMU002bMU002d2007-03-01eNAIROBI UNIV. B/SHOPl0o658.72 LYSp005207r2025-10-06 13:57:42t1w2025-10-06yBK 00104070aMU002bMU002d2007-03-01eNAIROBI UNIV. B/SHOPl0o658.72 LYSp005208r2025-10-06 13:57:42t2w2025-10-06yBK